Memoria acerca de los trabajos que realiza y de los fines que persigue la Real Academia de Bellas Artes de San Fernando / (Record no. 165252)

MARC details
000 -LEADER
campo de control de longitud fija 01476nam a2200241 i 4500
001 - NÚMERO DE CONTROL
campo de control 165252
003 - IDENTIFICADOR DE NÚMERO DE CONTROL
campo de control ES-MaACL
005 - FECHA Y HORA DE LA ÚLTIMA TRANSACCIÓN
campo de control 20250822062535.0
008 - DATOS DE LONGITUD FIJA--INFORMACIÓN GENERAL
campo de control de longitud fija 021120s1907 sp |||| | spa d
080 ## - NÚMERO DE LA CLASIFICACIÓN DECIMAL UNIVERSAL
Número de la Clasificación Decimal Universal 75 Goya, Francisco de
245 00 - MENCIÓN DEL TÍTULO
Título Memoria acerca de los trabajos que realiza y de los fines que persigue la Real Academia de Bellas Artes de San Fernando /
Mención de responsabilidad, etc. leída por Enrique Serrano Fatigati en la sesión pública celebrada el 24 de febrero de 1907 .
Resto del título Discurso inaugural sobre el tema Goya y la pintura contemporánea / leído en la misma sesión por José Ramón Mélida . Letras de las canciones, cantos escolares y canto patriótico militar que se han ejecutado en la solemne fiesta de inauguración de trabajos y distribución de premios en los concursos de música y escultura.
260 ## - PUBLICACIÓN, DISTRIBUCIÓN, ETC.
Lugar de publicación, distribución, etc. Madrid :
Nombre del editor, distribuidor, etc. [s.n.],
Fecha de publicación, distribución, etc. 1907 (
Fabricante Nueva Imp. de San Francisco de Sales)
300 ## - DESCRIPCIÓN FÍSICA
Extensión 48, [6] p. ;
Dimensiones 27 cm.
530 ## - NOTA DISPONIBLE DE FORMULARIO FÍSICO ADICIONAL
Nota de formato físico adicional disponible Disponible en formato digital.
600 14 - PUNTO DE ACCESO ADICIONAL DE MATERIA--NOMBRE DE PERSONA
Nombre de persona Goya, Francisco de,
Fechas asociadas al nombre 1746-1828
9 (RLIN) 240353
610 24 - PUNTO DE ACCESO ADICIONAL DE MATERIA--NOMBRE DE ENTIDAD CORPORATIVA
Nombre de entidad corporativa o nombre de jurisdicción como elemento de entrada Real Academia de Bellas Artes de San Fernando.
9 (RLIN) 6291
700 1# - ENTRADA AGREGADA--NOMBRE PERSONAL
Nombre de persona Serrano Fatigati, Enrique.
9 (RLIN) 132669
700 1# - ENTRADA AGREGADA--NOMBRE PERSONAL
Nombre de persona Mélida y Alinari, José Ramón,
Fechas asociadas al nombre 1856-1933
9 (RLIN) 79969
852 ## - LOCALIZACIÓN
Ubicación ES-MaACL
Número de control de estantería F-M-III-N(X)
Nota libre - Enc. pasta española, conservando cub. original
-- - Enc. en un vol. facticio
856 ## - LOCALIZACIÓN Y ACCESO ELECTRÓNICOS
Identificador Uniforme de Recursos <a href="http://bdh-rd.bne.es/viewer.vm?id=0000144401&page=1 ">http://bdh-rd.bne.es/viewer.vm?id=0000144401&page=1 </a>
Nota pública Biblioteca Digital Hispánica
942 ## - ELEMENTOS DE ENTRADA SECUNDARIOS (KOHA)
Fuente del sistema de clasificación o colocación Clasificación decimal universal
Holdings
Estatus retirado Estado de pérdida Estado de daño No para préstamo Colección Biblioteca de origen Biblioteca actual Ubicación en estantería Fecha de adquisición Fuente de adquisición Total de préstamos Signatura topográfica completa Código de barras Visto por última vez Precio de reemplazo Tipo de ítem Koha
        Colección digital Biblioteca del Ateneo de Madrid Biblioteca del Ateneo de Madrid Administración 17/01/2008     F-M-III-N(X) 1173285 23/02/2023 23/02/2023 Libro impreso